LE SSERAFIM - Membres par photo - Statistiques

Statistiques générales
  • Ce quiz a été pris 161 fois
  • Le résultat moyen est 5 sur 5
Statistiques - réponses
Par images Réponse % Correct
Sakura
98%
Kazuha
97%
Chaewon
96%
Eunchae
96%
Yunjin
94%
Aucun quiz correspondant
Distribution des résultats
% des personnes avec chaque résultat
Percentile par nombre de réponses
Votre historique - résultats
Vous n’avez pas pris ce quiz